00286pab a2200109 454500008004000000245007500040260000900115300001200124362000800136650002000144773001200164180718b2000 xxu||||| |||| 00| 0 eng d aUNHEALTHY trends: a symposium on the state of our public health system c2000 ap.12-70 aMay aHealth services aSeminar